000
00208 a2200097 4500
001
32644
100
_a
STepanova, E
245
_a
Karl Marx
260
_a
Macow
_b
Progress Publishers
_c
090
_c
21857
_d
21857
942
_a
NUST-CAE
_c
M
_c
13177
999
_c
267717
_d
267717